000 01050cam a2200265 4500
001 2752651
003 OSt
005 20110726103422.0
008 720818s1969 ug b 000 0 eng
010 _a 78981277
040 _aDLC
_cDLC
_dDLC
043 _afe-----
050 0 0 _aLAW
082 0 0 _a346.670432 LAN
245 0 0 _aLand law reform in East Africa;
_bpapers delivered to a seminar organised by the Milton Obote Foundation, Adult Education Centre.
_cEdited by James Obol-Ochola.
260 _a[Kampala]
_bMilton Obote Foundation, Adult Education Centre
_c[c1969]
300 _a329 p.
_c23 cm.
504 _aIncludes bibliographies.
650 0 _aLand tenure
_xLaw and legislation
_zAfrica, East.
_91310
700 2 _aObol-Ochola, James,
_eed.
_91311
710 2 _aMilton Obote Foundation.
_bAdult Education Centre.
_91312
906 _a7
_bcbc
_corignew
_d4
_encip
_f19
_gy-gencatlg
942 _2ddc
_cBK
999 _c447
_d447